=LDR 00000nam 2200000 4500 =001 INLIS000000000011977 =005 20130612103526 =008 ***********************************Ind** =035 ##$$0010-061300000011977 =041 ##$$a Ind =082 ##$$a 355.03 =090 ##$$a 355.03, Muk t =100 ##$$a Muknim, Hidayat =245 ##$$a TNI dalam politik luar Nengri, Hidayat Muknim, Studi Kasus Penyelsaian Konfrontasi Indonesia - malaysia, Hidayat Muknim =260 ##$$a 1991 $b Jakarta =300 ##$$a 220 hlm., 21 cm =650 ##$$a TNI =650 ##$$a Politik luar Negri =850 ##$$a NBPNMAT